000 00837nam a2200253Ia 4500
003 OSt
005 20220926015005.0
006 a|||||r|||| 00| 0
007 ta
008 220923b |||||||| |||| 00| 0 eng d
037 _cGeneral Book
040 _aRTL
_cRTL
_beng
041 _2eng
_aeng
082 _aX:87-935.73.N6, K0 D&W
110 _aNational Industrial Conference Board
_9321421
245 0 _aCompensating first line supervisors in factory and
260 _aNew York
_bNational Industrial Conference Board U. S. A.
_c1960
300 _a88p. Bibliography p.87-88
_ccm.
490 _aIts, studies in personnel policy, 177.
650 _aExecutive Management
700 _aNational Industrial Conference Board
_9321422
942 _hX:87-935.73.N6, K0 D&W
_cGB
_2CC
999 _c630317
_d630317